De la justicia /

Guardat en:
Dades bibliogràfiques
Autor principal: Perelman, Chaïm (autor)
Altres autors: Recaséns Siches, Luis (prólogo) (prólogo), Guerra, Ricardo (traducción) (traducción)
Format: Llibre
Idioma:espanyol
Col·lecció:(Cuadernos del Centro de Estudios Filosóficos ; Cuadernos) 14.
Matèries:
Etiquetes: Afegir etiqueta
Sense etiquetes, Sigues el primer a etiquetar aquest registre!

MARC

LEADER 00000nam^a2200000^a^4500
001 000186662
005 20250521000000.0
009 20260310102233.423
037 |a Acervo ITESO - Biblioteca 
041 |a ESP 
082 |a 340. 11  |b PER 
100 |a Perelman, Chaïm  |e (autor) 
245 1 0 |a De la justicia /  |c C. Perelman ; pról. de Luis Recaséns Siches ; tr. por R. Guerra. 
264 |a México :  |b UNAM, Centro de Estudios Filosóficos,  |c 1941 
300 |a XIV, 78 p. 
336 |a texto  |b txt  |2 rdacontenido 
337 |a sin mediación  |b n  |2 rdamedio 
338 |a volumen  |b nc  |2 rdasoporte 
440 1 |a (Cuadernos del Centro de Estudios Filosóficos ;  |v 14.  |p Cuadernos) 
500 |a Traducción de: De la justice 
649 |a XX 
650 |a Argumentación 
650 |a Debates y el Arte de Discutir 
650 |a Lógica 
650 |a Justicia -  |x Administración 
650 |a Justicia e Injusticia 
650 |a Igualdad y Desigualdad 
650 |a Derecho -  |x Filosofía 
650 |a Filosofía Política 
650 |a Filosofía 
700 |a Recaséns Siches, Luis  |e (prólogo) 
700 |a Guerra, Ricardo  |e (traducción) 
910 |a Fondo General 
920 |a Impresos - Libros 
930 |a Colección General 
905 |a 101 
901 |a 0500128395  |b IT1  |c ACC  |u 20250521 
902 |a https://opac.biblio.iteso.mx/vufind/Record/000186662